000 00955nam a22002897a 4500
003 DO-SdBNP
005 20231012105530.0
008 161011b200322 sp 00| 0 spa d
020 _a8482362771
040 _aBPMSU
_bspa
_cBPMSU
082 4 _aR739.4
_bG216e 2003
_222
245 0 0 _aEnciclopedia del hierro forjado = Wrought iron encyclopedia /
_credacción : Anna García Pascual ; traducción : Nadia Drandov.
246 1 0 _aHierro forjado
246 1 3 _a Enciclopedia del hierro forjado
260 _aBarcelona :
_bIdea Books,
_c2003.
300 _a714 p. :
_bil. ;
_c32 cm
546 _aTexto en inglés y español
590 _aInventariado, /2023VM
650 4 _aHierro forjado
_vEnciclopedias
650 4 _aHerrajes
650 4 _aHerrería
_vEnciclopedias
700 1 _aDrandov, Nadia
_etrad.
700 1 _aGarcía Pascual, Anna
_eredación
910 _aVMateo V./Validado. Control de calidad MFF
942 _2ddc
_cBK
956 _a
999 _c11530
_d11530